Lowest highest points - sudden death - Statistics

General Stats
  • This quiz has been taken 182 times
  • The average score is 8 of 30
Answers on the Grid
Answers color-coded by a green-red scale on the quiz's grid according to % correct below.
Iraq
Australia
Poland
Bahrain
Guatemala
Malta
Monaco
Lithuania
Kazakhstan
Tuvalu
Indonesia
Guinea-Bissau
Kuwait
Israel
The Bahamas
Barbados
Qatar
Latvia
Belgium
Mali
Nauru
Marshall Islands
Fiji
The Gambia
Estonia
Ireland
Vatican City
Central African Republic
Botswana
San Marino
Kiribati
Senegal
Egypt
Moldova
Uruguay
Ivory Coast
Dominican Republic
Denmark
Belarus
The Maldives
Luxembourg
Singapore
Tunisia
Antigua and Barbuda
Benin
Palau
Cambodia
South Korea
 
Answer Stats
Answer % Correct
4.6m (1) Tuvalu
59%
122m (10) Bahrain
52%
65m (6) Nauru
46%
63m (5) The Bahamas
43%
5.1m (2) The Maldives
43%
10m (3) Marshall Islands
42%
161m (11) Monaco
41%
242m (14) Palau
40%
253m (15) Malta
39%
336m (21) Barbados
38%
291m (17) Kuwait
35%
75m (7) Vatican City
35%
81m (8) Kiribati
34%
103m (9) Qatar
33%
164m (12) Singapore
31%
402m (23) Antigua and Barbuda
28%
171m (13) Denmark
26%
294m (18) Lithuania
24%
694m (29) Belgium
23%
312 (19) Latvia
23%
51m (4) The Gambia
23%
318m (20) Estonia
18%
266m (16) Guinea-Bissau
18%
560m (26) Luxembourg
14%
739m (30) San Marino
12%
346m (22) Belarus
9%
514m (25) Uruguay
6%
658m (28) Benin
5%
430m (24) Moldova
4%
638m (27) Senegal
4%
No matching quizzes found
Score Distribution
Percent of People with Each Score
Percentile by Number Answered
Your Score History
You have not taken this quiz